000 00479nam a2200181Ia 4500
001 18217
005 20260306171614.0
008 260306s9999||||xx |||||||||||||| ||und||
041 _aESP
082 _a658.4012
_bV66
100 _aVillajuana, Carlos
_eAUT
245 0 _aLos 7 tejidos estratégicos:
_bun plan sin indicadores es como un cuerpo sin alma
260 _c2009
300 _a758 páginas :
_c27 cm.
650 _aGEN
654 _aCAN
942 _cLIB
_dJUS
_fJUS
_2ddc
_n
999 _c18217
_d18217